Tudunk élni a lehetőséggel Lippai Pál újévi köszöntője
Elmentve itt :
| Dokumentumtípus: | Cikk |
|---|---|
| Megjelent: |
1993-01-02
|
| Sorozat: | Délmagyarország
83 No. 1 |
| Kulcsszavak: | Lippai Pál |
| Online Access: | http://dmarchiv.bibl.u-szeged.hu/96909 |
| LEADER | 00432nab a2200145 i 4500 | ||
|---|---|---|---|
| 001 | delm96909 | ||
| 005 | 20191008132122.0 | ||
| 008 | 191008s1993 hu o 0|| hun d | ||
| 040 | |a SZTE Délmagyarország Archívum |b hun | ||
| 041 | |a hun | ||
| 245 | 0 | 0 | |a Tudunk élni a lehetőséggel |h [elektronikus dokumentum] : |b Lippai Pál újévi köszöntője |
| 260 | |c 1993-01-02 | ||
| 300 | |a 3 | ||
| 490 | 0 | |a Délmagyarország |v 83 No. 1 | |
| 695 | |a Lippai Pál | ||